Mathematical tools for the study of the incompressible Navier-Stokes equations and related models / (Record no. 597816)
[ view plain ]
| 000 -LEADER | |
|---|---|
| fixed length control field | 00399nam a2200121Ia 4500 |
| 008 - FIXED-LENGTH DATA ELEMENTS--GENERAL INFORMATION | |
| fixed length control field | 230907s9999||||xx |||||||||||||| ||und|| |
| 082 ## - DEWEY DECIMAL CLASSIFICATION NUMBER | |
| Classification number | 532.001 |
| Author Mark | BOY |
| 100 ## - MAIN ENTRY--PERSONAL NAME | |
| Personal name | Boyer, Franck. |
| 9 (RLIN) | 115193 |
| 245 #0 - TITLE STATEMENT | |
| Title | Mathematical tools for the study of the incompressible Navier-Stokes equations and related models / |
| 260 ## - PUBLICATION, DISTRIBUTION, ETC. | |
| Place of publication, distribution, etc. | Springer, |
| Name of publisher, distributor, etc. | New York ; | London : |
| Date of publication, distribution, etc. | 2013 |
| 300 ## - PHYSICAL DESCRIPTION | |
| Extent | xiii, 525 p. : |
| 942 ## - ADDED ENTRY ELEMENTS (KOHA) | |
| Koha item type | Book |
| Withdrawn status | Lost status | Damaged status | Not for loan | Permanent Location | Current Location | Date acquired | Total Checkouts | Full call number | Barcode | Date last seen | Price effective from | Koha item type |
|---|---|---|---|---|---|---|---|---|---|---|---|---|
| US-Pakistan Center for Advanced Studies in Energy (USPCAS-E) | US-Pakistan Center for Advanced Studies in Energy (USPCAS-E) | 01/02/2018 | 532.001 BOY | cas-e0001915 | 09/12/2023 | 09/12/2023 | Book |
